000 01304cam a2200325 4500
001 1701616
003 OSt
005 20120109155939.0
008 680301s1967 ke 000 0 eng
010 _a 68001549
025 _aKe-E-163
040 _aDDC
_cDDC
_dDDC
050 0 0 _aLAW
082 0 0 _a349.6703
100 1 _aR W HAMILTON.
_96172
245 1 0 _aThe East African Protectorate Law Reports. Vol v-vi ,1913-1914 /
_cBy R W HAMILTON
260 _aNairobi,
_bLegal Publications, ltd.;
_c1916
300 _axxvi, 246 p.
_c25 cm.
350 _aKSh 215/-
500 _aOn spine: The East African Protectorate Law Reports
650 0 _aLaw reports,
_zAfrica, East.
_96273
710 1 _aEast Africa
_bKenya Law Report.
_96274
710 1 _bPrivy Council.
_96175
740 _aCivil appeals digest, EACA.
906 _a7
_bcbc
_corignew
_du
_encip
_f19
_gy-gencatlg
942 _2ddc
_cLRT
999 _c4967
_d4967